/ عملی انتقادیت (Record no. 106004)

MARC details
000 -LEADER
fixed length control field 00824nam a22002537a 4500
005 - DATE AND TIME OF LATEST TRANSACTION
control field 20170123162301.0
010 ## - LIBRARY OF CONGRESS CONTROL NUMBER
LC control number A-586549
020 ## - INTERNATIONAL STANDARD BOOK NUMBER
Terms of availability 60.00
035 ## - SYSTEM CONTROL NUMBER
System control number A-586549
037 ## - SOURCE OF ACQUISITION
Source of stock number/acquisition Cen Lib/Ret
040 ## - CATALOGING SOURCE
Original cataloging agency DPL
Language of cataloging UR
082 ## - DEWEY DECIMAL CLASSIFICATION NUMBER
Classification number 841.08
100 ## - MAIN ENTRY--PERSONAL NAME
Personal name موہممد سیید عقیل
9 (RLIN) 475
245 ## - TITLE STATEMENT
Title / عملی انتقادیت
Statement of responsibility, etc موہممد سیید عقیل
246 ## - VARYING FORM OF TITLE
Title proper/short title mualana abul kalam azad
Remainder of title by Ishaq bhatti
260 ## - PUBLICATION, DISTRIBUTION, ETC. (IMPRINT)
Place of publication, distribution, etc لکھنو
Name of publisher, distributor, etc نصرت پلشیرس
Date of publication, distribution, etc 1990
270 ## - ADDRESS
Address امینآباد
City اتر پردیش
Postal code 226018
300 ## - PHYSICAL DESCRIPTION
Extent 209p.
Dimensions 20cm(Hb)
650 ## - SUBJECT ADDED ENTRY--TOPICAL TERM
Topical term or geographic name as entry element اردو ادب
9 (RLIN) 142888
650 ## - SUBJECT ADDED ENTRY--TOPICAL TERM
Topical term or geographic name as entry element اردو ادب
General subdivision تنکید
9 (RLIN) 142889
650 ## - SUBJECT ADDED ENTRY--TOPICAL TERM
Form subdivision
Topical term or geographic name as entry element Urdu literature
9 (RLIN) 142890
650 ## - SUBJECT ADDED ENTRY--TOPICAL TERM
Topical term or geographic name as entry element Urdu literature
General subdivision Critism
9 (RLIN) 479
942 ## - ADDED ENTRY ELEMENTS (KOHA)
Source of classification or shelving scheme Dewey Decimal Classification
Koha item type Urdu Bks
Classification part 841.08
Call number suffix م ھ م
Holdings
Withdrawn status Lost status Damaged status Not for loan Collection code Home library Current library Date acquired Source of acquisition Cost, normal purchase price Total Checkouts Full call number Barcode Date last seen Copy number Cost, replacement price Price effective from Koha item type
      Not For Loan Reference Central Library Central Library 26/05/2015 Cen Lib/Ret 60.00   841.08 م ھ م A-586549 26/05/2015 1 60.00 15/09/2016 Urdu Bks

© Delhi Public Library
Hit Counter
free hit counter